| 000 | 01484nam a2200373Ia 4500 | ||
|---|---|---|---|
| 001 | ebr10687772 | ||
| 003 | CaPaEBR | ||
| 006 | m u | ||
| 007 | cr cn||||||||| | ||
| 008 | 130418s2013 enk s 000 0 eng d | ||
| 020 | _z9781781901854 | ||
| 020 | _z9781781901854 | ||
| 040 |
_aCaPaEBR _cCaPaEBR |
||
| 035 | _a(OCoLC)846999421 | ||
| 050 | 1 | 4 |
_aE184.A1 _bP47 2013eb |
| 082 | 0 | 4 |
_a305.800973 _222 |
| 245 | 0 | 0 |
_a21st century urban race politics _h[electronic resource] : _brepresenting minorities as universal interests / _cRavi K. Perry, editor. |
| 246 | 3 | _aTwenty-first century urban race politics | |
| 260 |
_aBradford : _bEmerald Group Publishing Limited, _c2013. |
||
| 300 | _a345 p. | ||
| 490 | 1 |
_aResearch in Race and Ethnic Relations ; _vv.18 |
|
| 533 |
_aElectronic reproduction. _bPalo Alto, Calif. : _cebrary, _d2013. _nAvailable via World Wide Web. _nAccess may be limited to ebrary affiliated libraries. |
||
| 650 | 0 |
_aDiscrimination _zUnited States. |
|
| 650 | 0 |
_aImmigrants _zUnited States _xSocial conditions. |
|
| 650 | 0 |
_aMinorities _zUnited States. |
|
| 650 | 0 |
_aUnited States _xRace relations. |
|
| 655 | 7 |
_aElectronic books. _2local |
|
| 700 | 1 | _aPerry, Ravi K. | |
| 700 | 1 | _aCunnigen, Donald. | |
| 700 | 1 | _aBruce, Marino. | |
| 710 | 2 | _aebrary, Inc. | |
| 830 | 0 | _aResearch in race and ethnic relations. | |
| 856 | 4 | 0 |
_uhttp://site.ebrary.com/lib/rucke/Doc?id=10687772 _zAn electronic book accessible through the World Wide Web; click to view |
| 999 |
_c28526 _d28526 |
||